|
|
|
|
| LEADER |
01419nam a2200385 a 4500 |
| 001 |
EBC202149 |
| 003 |
MiAaPQ |
| 005 |
20200520144314.0 |
| 006 |
m o d | |
| 007 |
cr cn||||||||| |
| 008 |
020621s2002 enk sb 001 0 eng |
| 010 |
|
|
|z 2002073725
|
| 020 |
|
|
|z 0521806372
|
| 020 |
|
|
|z 0521001099 (pbk.)
|
| 035 |
|
|
|a (MiAaPQ)EBC202149
|
| 035 |
|
|
|a (Au-PeEL)EBL202149
|
| 035 |
|
|
|a (CaPaEBR)ebr10021923
|
| 035 |
|
|
|a (CaONFJC)MIL43353
|
| 035 |
|
|
|a (OCoLC)475917014
|
| 040 |
|
|
|a MiAaPQ
|c MiAaPQ
|d MiAaPQ
|
| 050 |
|
4 |
|a K3585
|b .C658 2002
|
| 082 |
0 |
4 |
|a 344/.046
|2 21
|
| 100 |
1 |
|
|a Cole, Daniel H.,
|d 1958-
|
| 245 |
1 |
0 |
|a Pollution and property
|h [electronic resource] :
|b comparing ownership institutions for environmental protection /
|c Daniel H. Cole.
|
| 260 |
|
|
|a Cambridge ;
|a New York :
|b Cambridge University Press,
|c 2002.
|
| 300 |
|
|
|a xvi, 209 p.
|
| 504 |
|
|
|a Includes bibliographical references (p. 180-201) and index.
|
| 533 |
|
|
|a Electronic reproduction. Ann Arbor, MI : ProQuest, 2015. Available via World Wide Web. Access may be limited to ProQuest affiliated libraries.
|
| 650 |
|
0 |
|a Environmental law.
|
| 650 |
|
0 |
|a Pollution
|x Law and legislation.
|
| 650 |
|
0 |
|a Right of property.
|
| 650 |
|
0 |
|a Eminent domain.
|
| 655 |
|
4 |
|a Electronic books.
|
| 710 |
2 |
|
|a ProQuest (Firm)
|
| 856 |
4 |
0 |
|u https://ebookcentral.proquest.com/lib/matrademy/detail.action?docID=202149
|z Click to View
|